Wärmeübergang beim Kondensieren und beim Sieden /
Enregistré dans:
| Auteur principal: | |
|---|---|
| Format: | Livre |
| Publié: |
Berlin :
Springer Verlag,
1988
|
| Tags: |
Pas de tags, Soyez le premier à ajouter un tag!
|
MARC
| LEADER | 00000nam a22000003a 4500 | ||
|---|---|---|---|
| 001 | stu47275 | ||
| 005 | 20150617225711.1 | ||
| 008 | ------s1988----gw----------------------d | ||
| 040 | |a STU |b slo | ||
| 041 | 0 | ||
| 044 | |a gw | ||
| 080 | |a 536.27 | ||
| 100 | 1 | |a Stephan, Karl |4 aut | |
| 245 | 1 | |a Wärmeübergang beim Kondensieren und beim Sieden / |c [aut.] Stephan,Karl | |
| 260 | |a Berlin : |b Springer Verlag, |c 1988 | ||
| 300 | |a 305 s | ||
| 996 | |b J81075 |c J*81075/K 5 |l JJK5 |s P |a 0 |w stu47275_0001 | ||
| 996 | |b J81650 |c J*81650/K 5 |l JJK5 |s P |a 0 |w stu47275_0002 | ||